| 000 | 00564nam a2200169 a 4500 | ||
|---|---|---|---|
| 001 | 000035284 | ||
| 005 | 20200930074229.0 | ||
| 008 | 111027s1999 sp 000 0 spa d | ||
| 020 | _a8400078241 | ||
| 040 |
_aDO-SdBNP _bspa _cBNPHU |
||
| 082 |
_axxxx _bxxxx |
||
| 245 | 0 | 0 |
_aConsolidación republicana en América Latina. / _ccoordinadora Rosario Sevilla Soler. |
| 260 |
_aSevilla, : _bCSIC, _c1999. |
||
| 300 |
_a247 p. ; _c24 cm. |
||
| 504 | _aIncluye referencias bibliográficas y notas al pie de las páginas | ||
| 700 | 1 |
_aSevilla Soler, Rosario, _ecoord. _959378 |
|
| 999 |
_c34775 _d34775 |
||